Climbing Jacob's ladder : (Record no. 370)
[ view plain ]
| 000 -LEADER | |
|---|---|
| fixed length control field | 01228pcm a2200349 a 4500 |
| 001 - CONTROL NUMBER | |
| control field | 5620411 |
| 003 - CONTROL NUMBER IDENTIFIER | |
| control field | SISC |
| 005 - DATE AND TIME OF LATEST TRANSACTION | |
| control field | 20160321133353.0 |
| 008 - FIXED-LENGTH DATA ELEMENTS--GENERAL INFORMATION | |
| fixed length control field | 910102s1991 nyusga j n eng |
| 010 ## - LIBRARY OF CONGRESS CONTROL NUMBER | |
| LC control number | 90027297 |
| 020 ## - INTERNATIONAL STANDARD BOOK NUMBER | |
| International Standard Book Number | 97806895049454 |
| 040 ## - CATALOGING SOURCE | |
| Original cataloging agency | DLC |
| Transcribing agency | DLC |
| Modifying agency | DLC |
| 043 ## - GEOGRAPHIC AREA CODE | |
| Geographic area code | n-us--- |
| 048 ## - NUMBER OF MUSICAL INSTRUMENTS OR VOICES CODE | |
| Performer or ensemble | vn01 |
| -- | ka01 |
| 050 00 - LIBRARY OF CONGRESS CALL NUMBER | |
| Classification number | M1670 |
| Item number | .L 285 1991 |
| 082 ## - DEWEY DECIMAL CLASSIFICATION NUMBER | |
| Classification number | HS 782.25 |
| Item number | C61 1991 |
| 100 ## - MAIN ENTRY--PERSONAL NAME | |
| Personal name | John Langstaff |
| 9 (RLIN) | 13925 |
| 245 00 - TITLE STATEMENT | |
| Title | Climbing Jacob's ladder : |
| Remainder of title | heroes of the Bible in African-American spirituals / |
| Statement of responsibility, etc | selected and edited by John Langstaff ; illustrated by Ashley Bryan ; piano arrangements by John Andrew Ross. |
| 250 ## - EDITION STATEMENT | |
| Edition statement | 1st ed. |
| 260 ## - PUBLICATION, DISTRIBUTION, ETC. (IMPRINT) | |
| Place of publication, distribution, etc | New York : |
| Name of publisher, distributor, etc | Maxwell Macmillan International, |
| Date of publication, distribution, etc | c1991. |
| 300 ## - PHYSICAL DESCRIPTION | |
| Extent | 1 close score (22 p.) : |
| Other physical details | col. ill. ; |
| Dimensions | 26 cm. |
| 562 ## - COPY AND VERSION IDENTIFICATION NOTE | |
| Number of copies | For circulation. One copy available in the collection. |
| 650 #0 - SUBJECT ADDED ENTRY--TOPICAL TERM | |
| Topical term or geographic name as entry element | Spirituals (Songs) |
| General subdivision | Juvenile. |
| 9 (RLIN) | 13926 |
| 650 #1 - SUBJECT ADDED ENTRY--TOPICAL TERM | |
| Topical term or geographic name as entry element | Spirituals (Songs) |
| 9 (RLIN) | 13927 |
| 650 #1 - SUBJECT ADDED ENTRY--TOPICAL TERM | |
| Topical term or geographic name as entry element | African Americans |
| Form subdivision | Music. |
| 9 (RLIN) | 13928 |
| 700 1# - ADDED ENTRY--PERSONAL NAME | |
| Personal name | Langstaff, John M. |
| 9 (RLIN) | 13929 |
| 700 1# - ADDED ENTRY--PERSONAL NAME | |
| Personal name | Bryan, Ashley, |
| Relator term | ill. |
| 9 (RLIN) | 13930 |
| 700 1# - ADDED ENTRY--PERSONAL NAME | |
| Personal name | Ross, John Andrew. |
| 9 (RLIN) | 13931 |
| 906 ## - LOCAL DATA ELEMENT F, LDF (RLIN) | |
| a | 7 |
| b | cbc |
| c | orignew |
| d | 1 |
| e | ncip |
| f | 19 |
| g | y-genmusic |
| 942 ## - ADDED ENTRY ELEMENTS (KOHA) | |
| Source of classification or shelving scheme | Library of Congress Classification |
| Koha item type | Books |
| Withdrawn status | Lost status | Source of classification or shelving scheme | Damaged status | Home library | Current library | Shelving location | Date acquired | Total Checkouts | Full call number | Barcode | Date last seen | Copy number | Price effective from | Koha item type |
|---|---|---|---|---|---|---|---|---|---|---|---|---|---|---|
| Library of Congress Classification | Luxembourg Library | Luxembourg Library | High School Section | 02/15/2012 | M 1670 .C65 1991 | 3815 | 03/21/2016 | 1 | 10/03/2013 | Books |